000 00998cam a2200241 4500
001 ABS61407
008 000000n1999 000 0 eng u
035 _a(Sirsi) u100825
100 _aMansfield, P.
245 _aKilling off litigation
260 _c1999
490 _aEstates Gazette
_v(9938) 25 September 1999, 184-185(2)
520 _aIn June 1999, a consultation draft of a pre-action protocol for professional negligence claims was launched. The documents concern the period before litigation, and sets out how parties should try and resolve their differences before they go to court. The author states that the draft protocol aims to bring settlements forward. Copies of the pre-action protocol are available from: CAP, PO Box 779, London EC1A 4DD.
590 _aABS
650 _aPRE-ACTION PROTOCOL
650 _aLITIGATION
650 _aCIVIL PROCEDURE RULES
650 _aSETTLEMENTS
650 _aNEGLIGENCE
650 _aWOOLF REFORMS
690 _aLAW
942 _n0
999 _c60237
_d60237